000 00293nam a22001337a 4500
008 170322b xxu||||| |||| 00| 0 eng d
020 _a0721658628
041 _aeng
080 _a616.12-008-073
100 _a7
101 _aSHM
245 _aCARDIAG IMAGING
_cSCHELBERT..M
942 _2udc
_cBK
999 _c8308
_d8308